| 000 | 00956aam a2200277 a 4500 | ||
|---|---|---|---|
| 999 |
_c334281 _d334281 |
||
| 003 | BLK | ||
| 005 | 20250517094807.0 | ||
| 008 | 181012b bu ||||| |||| 00| 0 bu d | ||
| 020 | _a9786190203278 | ||
| 040 | _aBLK | ||
| 041 |
_aBUL _cBUL |
||
| 080 |
_aАмериканска литература (на САЩ) _b821.111(73) _x-31 _z821.111(73)-31 |
||
| 100 |
_aКоубън, Харлан _eпърви автор _91299 |
||
| 139 |
_aКоубън, Харлан _bК 87 |
||
| 245 |
_aДом _cХарлан Коубън; прев. Богдан Русев |
||
| 260 |
_bКолибри _c2018 _aСофия |
||
| 300 |
_a392 с. _c20 см |
||
| 380 | _aX | ||
| 490 |
_9203127 _aСъвременни трилъри |
||
| 700 |
_aРусев, Богдан Бориславов _d1975- _9365584 |
||
| 852 |
_bЦб _cП 820(73)-31/К 87 |
||
| 942 |
_cKNG _2udc _n0 _091 _s1 |
||
| 999 | _d323150 | ||
| 999 | _d323150 | ||
| 944 |
_k30542 _lРусанова Ирена |
||